The marketing game! : CD / (Record no. 5347)
[ view plain ]
| 000 -LEADER | |
|---|---|
| fixed length control field | 00909nac a22002291u 4500 |
| 008 - FIXED-LENGTH DATA ELEMENTS--GENERAL INFORMATION | |
| fixed length control field | 150901b xxu||||| |||| 00| 0 eng d |
| 010 ## - LIBRARY OF CONGRESS CONTROL NUMBER | |
| LC control number | 2001278794 |
| 082 00 - DEWEY DECIMAL CLASSIFICATION NUMBER | |
| Classification number | 658.802 |
| Item number | MAS |
| 100 ## - MAIN ENTRY--PERSONAL NAME | |
| Personal name | Mason, Charlotte H. |
| 9 (RLIN) | 20266 |
| 245 14 - TITLE STATEMENT | |
| Title | The marketing game! : CD / |
| Remainder of title | Student Software and Multimedia Tutorials/ |
| Statement of responsibility, etc | Charlotte H. Mason, William D. Perreault, Jr. |
| 250 ## - EDITION STATEMENT | |
| Edition statement | 3rd ed. |
| 260 ## - PUBLICATION, DISTRIBUTION, ETC. (IMPRINT) | |
| Place of publication, distribution, etc | Boston : |
| Name of publisher, distributor, etc | McGraw-Hill/Irwin,2002 |
| Date of publication, distribution, etc | c2002. |
| 300 ## - PHYSICAL DESCRIPTION | |
| Extent | p. |
| 500 ## - GENERAL NOTE | |
| General note | System requirements for computer disc: Window 95/NT98/2000/ME; 3MB of free RAM; tutorials require a multimedia PC (with sound) and CD-drive; TMGftp requires an Internet connection. |
| 500 ## - GENERAL NOTE | |
| General note | Audiovisuals |
| 511 ## - PARTICIPANT OR PERFORMER NOTE | |
| Participant or performer note | Catalogued by: Sara |
| 650 #0 - SUBJECT ADDED ENTRY--TOPICAL TERM | |
| Topical term or geographic name as entry element | Marketing |
| General subdivision | Decision making. |
| Source of heading or term | BUEsh |
| 650 #0 - SUBJECT ADDED ENTRY--TOPICAL TERM | |
| Topical term or geographic name as entry element | Management games. |
| Source of heading or term | BUEsh |
| 9 (RLIN) | 20268 |
| 651 ## - SUBJECT ADDED ENTRY--GEOGRAPHIC NAME | |
| Source of heading or term | BUEsh |
| 700 1# - ADDED ENTRY--PERSONAL NAME | |
| Personal name | Perreault, William D. |
| 942 ## - ADDED ENTRY ELEMENTS (KOHA) | |
| Item type | |
| Call number prefix | 658.802MAS |
| Source of classification or shelving scheme | Dewey Decimal Classification |
| Withdrawn status | Item status | Damaged status | Not for loan | Home library | Current library | Shelving location | Date acquired | Source of acquisition | Total Checkouts | Full call number | Barcode | Date last seen | Koha item type | Materials specified (bound volume or other part) | Date last borrowed |
|---|---|---|---|---|---|---|---|---|---|---|---|---|---|---|---|
| Central Library | Central Library | First floor | 15/11/2007 | Purchase | 658.802MAS | 000006825 | 24/08/2022 | CD | DVD - With book | |||||||
| Central Library | Central Library | First floor | 15/11/2007 | Purchase | 658.802MAS | 000006826 | 24/08/2022 | CD | DVD - With book | |||||||
| Central Library | Central Library | First floor | 15/11/2007 | Purchase | 658.802MAS | 000006827 | 24/08/2022 | CD | DVD - With book | |||||||
| Central Library | Central Library | First floor | 15/11/2007 | Purchase | 658.802MAS | 000006828 | 24/08/2022 | CD | DVD - With book | |||||||
| Central Library | Central Library | First floor | 15/11/2007 | Purchase | 1 | 658.802MAS | 000006829 | 24/08/2022 | NB - Book (Non borrowing) | Lost In Inventory_2017-8-25 | 18/06/2013 | ||||
| Central Library | Central Library | First floor | 15/11/2007 | Purchase | 658.802MAS | 000006848 | 24/08/2022 | CD | DVD - With book | |||||||
| Central Library | Central Library | First floor | 15/11/2007 | Purchase | 658.802MAS | 000006849 | 24/08/2022 | CD | DVD - With book | |||||||
| Central Library | Central Library | First floor | 15/11/2007 | Purchase | 658.802MAS | 000006850 | 24/08/2022 | CD | DVD - With book | |||||||
| Central Library | Central Library | First floor | 15/11/2007 | Purchase | 658.802MAS | 000006918 | 24/08/2022 | CD | DVD - With book | |||||||
| Central Library | Central Library | First floor | 07/11/2006 | Purchase | 658.802MAS | 000007503 | 24/08/2022 | CD | DVD - With book | |||||||
| Central Library | Central Library | First floor | 15/11/2007 | Purchase | 658.802MAS | 000007506 | 24/08/2022 | CD | DVD - With book | |||||||
| Central Library | Central Library | First floor | 15/11/2007 | Purchase | 658.802MAS | 000007537 | 24/08/2022 | CD | DVD - With book | |||||||
| Central Library | Central Library | First floor | 15/11/2007 | Purchase | 658.802MAS | 000007540 | 24/08/2022 | CD | DVD - With book | |||||||
| Central Library | Central Library | First floor | 15/11/2007 | Purchase | 658.802MAS | 000007555 | 24/08/2022 | CD | DVD - With book |